Top 10 Formula Excel - Estadísticas

Estadísticas generales
  • Esta prueba ha sido intentada 62 veces
  • La puntuación promedio es 73 de 140
Estadísticas de respuestas
Race(position) Driver % Correcto
2024 (1º) | 2025 (2º) | 2026 (3º) | +10 others Max Verstappen
100%
2024 (5°) | 2025 (6°) | 2026 (8º) Lewis Hamilton
94%
2024 (4°) | 2025 (1º) | 2026 (4°) | +4 others Fernando Alonso
90%
2024 (6°) | 2025 (5°) | 2026 (1º) | +9 others Charles Leclerc
87%
2024 (3º) | 2025 (7º) | 2026 (5°) | +4 others Lando Norris
83%
2024 (2º) | 2025 (3º) | 2026 (2º) | +11 others Oscar Piastri
79%
2024 (9º) | 2025 (8º) | 2026 (9º) | 2028 (9º) George Russell
77%
2024 (8º) | 2025 (9º) | 2026 (7º) | +2 others Carlos Sainz
75%
2031 (8º) Arthur Leclerc
73%
2024 (7º) Sergio Pérez
69%
2031 (9º) | 2032 (10º) | 2033 (7º) | +4 others Kimi Antonelli
65%
2024 (10º) Lance Stroll
54%
2030 (4°) | 2031 (4°) | 2032 (4°) | +5 others Oliver Bearman
50%
2027 (10º) | 2028 (6°) | 2029 (9º) | +4 others Liam Lawson
44%
2025 (4°) | 2026 (6°) | 2027 (7º) | 2028 (10º) Daniel Ricciardo
35%
2033 (10º) | 2034 (10º) | 2036 (8º) | 2037 (4°) Robin Raikkonen
12%
2025 (10º) | 2026 (10º) Felipe Drugovich
10%
2034 (6°) | 2035 (8º) Jack Crawford
8%
2036 (2º) Jak Crawford
8%
2027 (9º) | 2029 (10º) | 2030 (5°) | +3 others Frederik Vesti
6%
2027 (5°) | 2028 (1º) | 2029 (1º) | +8 others Geray Mota
4%
2037 (3º) Tim Tramnitz
4%
2036 (6°) | 2037 (8º) Christian Lungaard
2%
2030 (10º) | 2031 (7º) Dennis Hauger
2%
2027 (8º) | 2028 (8º) | 2029 (8º) | 2033 (9º) Gianluca Petecof
2%
2029 (6°) | 2030 (3º) | 2031 (3º) | +4 others Mike Halton
2%
2033 (5°) | 2034 (2º) Mikel Jong
2%
2036 (9º) Phill Braki
2%
2037 (6°) Yuanpu Cui
2%
No se encontraron pruebas coincidentes
Distribución de puntuación
Porcentaje de gente con cada puntuación
Porcentaje por número respondido
Historial de tus puntuaciones
No has intentado esta prueba.